000 00295nam a22001337a 4500
008 180205b xxu||||| |||| 00| 0 eng d
020 _a598608001
041 _aeng
080 _a338
100 _a53
101 _aROS
245 _aProductivity, People & Profits
_cRoss, J.E
942 _2udc
_cBK
999 _c41832
_d41832